Loading...
| Mythology | 0 | 3 | 0 | 0 | 30 | 80 | 94.33 | 0 | 1 |
| Fine Arts - Painting and Sculpture | 0 | 3 | 1 | 0 | 25 | 82 | 93.00 | 1 | 1 |
| Fine Arts - Other Fine Arts | 0 | 2 | 1 | 0 | 15 | 59 | 94.00 | 0 | 1 |
| Literature - American Literature | 0 | 1 | 0 | 0 | 10 | 51 | 51.00 | 0 | 1 |
| Pop Culture | 0 | 1 | 0 | 0 | 10 | 62 | 62.00 | 0 | 1 |
| History - American History | 0 | 1 | 1 | 0 | 5 | 46 | 46.00 | 0 | 1 |
| Current Events | 0 | 0 | 1 | 0 | -5 | 0.00 | 0 | 0 | |
| History - European History | 0 | 1 | 3 | 0 | -5 | 48 | 48.00 | 1 | 1 |
| History - Other History | 0 | 0 | 1 | 0 | -5 | 0.00 | 0 | 0 | |
| Literature - British Literature | 0 | 0 | 1 | 0 | -5 | 0.00 | 0 | 0 | |
| Fine Arts - Classical Music | 0 | 0 | 2 | 0 | -10 | 0.00 | 0 | 0 | |
| Religion | 0 | 0 | 3 | 0 | -15 | 0.00 | 0 | 0 |